Príprava do prímy : matematika : pre 5. ročník ZŠ : riešenia /
Uložené v:
| Korporatívny autor: | |
|---|---|
| Ďalší autori: | |
| Médium: | Kniha |
| Jazyk: | Slovak |
| Vydané: |
Bratislava :
Orbis Pictus Istropolitana,
2020.
|
| Témy: | |
| ISBN: |
9788081207082 |
| Fyzický popis: |
62 strán : ilustrácie ; 23 cm. |
| Tagy: |
Pridať tag
Žiadne tagy, Buďte prvý kto otaguje tento záznam!
|
Titul je dostupný aj v ... 

MARC
| LEADER | 00000nam a2200000 i 4500 | ||
|---|---|---|---|
| 001 | 000651221 | ||
| 005 | 20210330094701.0 | ||
| 008 | 201221s2020 xo a b p 000 0 slo d | ||
| 020 | |a 9788081207082 |q (brožované) | ||
| 040 | |a SVKKK |b slo |c SVKKK |e rda | ||
| 041 | 0 | |a slo | |
| 044 | |a xo |c SK | ||
| 072 | 7 | |a 51 |x Matematika |2 konspekt | |
| 080 | |a 51 |2 2011 | ||
| 080 | |a 37.091.212.2 |2 2011 | ||
| 080 | |a (075.2) |2 2011 | ||
| 080 | |a (079.1) |2 2011 | ||
| 110 | 2 | |a EXAM testing |4 aut | |
| 245 | 1 | 0 | |a Príprava do prímy : |b matematika : pre 5. ročník ZŠ : riešenia / |c autor EXAM testing ; ilustrácie Viktor Csiba. |
| 264 | 1 | |a Bratislava : |b Orbis Pictus Istropolitana, |c 2020. | |
| 300 | |a 62 strán : |b ilustrácie ; |c 23 cm. | ||
| 336 | |a text |b txt |2 rdacontent | ||
| 337 | |a bez média |b n |2 rdamedia | ||
| 338 | |a zväzok |b nc |2 rdacarrier | ||
| 500 | |a Nad názvom uvedené: Autentické texty EXAM testing | ||
| 650 | 0 | 7 | |a matematika |2 SVKKKPH |
| 650 | 0 | 7 | |a prijímacie skúšky |2 SVKKKPH |
| 650 | 0 | 7 | |a mathematics |2 SVKKKPHeng |
| 650 | 0 | 7 | |a entrance examinations |2 SVKKKPHeng |
| 655 | 7 | |a učebnice základných škôl |2 SVKKKPH | |
| 655 | 7 | |a testy |2 SVKKKPH | |
| 655 | 7 | |a textbooks (elementary) |2 SVKKKPHeng | |
| 655 | 7 | |a tests |2 SVKKKPHeng | |
| 700 | 1 | |a Csiba, Viktor |4 ill | |
| 910 | |a svkkk | ||
| 919 | |a 978-80-8120-708-2 | ||
| 998 | |a BK | ||
| 090 | |g SCKHL |k Sklad Hlavná 10 prízemie |a IV.239173 |j 1107836 |i 2720757018 |s Povinný výt. | ||